| 000 | 00392nam a22001217a 4500 | ||
|---|---|---|---|
| 999 |
_c17492 _d17492 |
||
| 008 | 190227b xxu||||| |||| 00| 0 eng d | ||
| 050 |
_aRT98 _b.T498 2012 c.1 |
||
| 245 |
_aA textbook of community nursing _cedited by Sue Chilto, Hearther Bain, Ann Clarridge & Karen Melling |
||
| 260 |
_aLondon _bCRC press _c2012 |
||
| 300 | _axi, 303p. | ||
| 650 | _aCommunity Health Nursing | ||
| 942 |
_2lcc _cBK |
||